00527nam a2200181 a 4500001001300000003000900013005001700022008004100039020002300080082001500103100002400118245006600142260005700208300000900265500003500274505001000309650002600319nice12345678IN_TiNIC20260116014349.0100412s2007 graa grp 000 0 eng  a9780825429835c64500a232.1bBOW aBowman Jr, M Robert aPutting JESUS in His Placeb The Case for the Deity of Christ aGrand Rapids bKregel Academic & Professional c2007 a392p aincludes index and biblioraphy2 aIndex aJesus Christ-Divinity